<?xml version="1.0" encoding="UTF-8"?>
<collection xmlns="http://www.loc.gov/MARC21/slim">
 <record>
  <leader>05036cam a2200949   4500</leader>
  <controlfield tag="001">1135002061</controlfield>
  <controlfield tag="003">DE-627</controlfield>
  <controlfield tag="005">20241018095703.0</controlfield>
  <controlfield tag="007">tu</controlfield>
  <controlfield tag="008">980326s1952    xxu|||||      00| ||eng c</controlfield>
  <datafield tag="035" ind1=" " ind2=" ">
   <subfield code="a">(DE-627)1135002061</subfield>
  </datafield>
  <datafield tag="035" ind1=" " ind2=" ">
   <subfield code="a">(DE-576)065002067</subfield>
  </datafield>
  <datafield tag="035" ind1=" " ind2=" ">
   <subfield code="a">(DE-599)BSZ065002067</subfield>
  </datafield>
  <datafield tag="035" ind1=" " ind2=" ">
   <subfield code="a">(OCoLC)250913019</subfield>
  </datafield>
  <datafield tag="035" ind1=" " ind2=" ">
   <subfield code="a">(OCoLC)00305607</subfield>
  </datafield>
  <datafield tag="035" ind1=" " ind2=" ">
   <subfield code="a">(DE-604)8071127704</subfield>
  </datafield>
  <datafield tag="040" ind1=" " ind2=" ">
   <subfield code="a">DE-627</subfield>
   <subfield code="b">ger</subfield>
   <subfield code="c">DE-627</subfield>
   <subfield code="e">rakwb</subfield>
  </datafield>
  <datafield tag="041" ind1=" " ind2=" ">
   <subfield code="a">eng</subfield>
  </datafield>
  <datafield tag="044" ind1=" " ind2=" ">
   <subfield code="c">XD-US</subfield>
  </datafield>
  <datafield tag="050" ind1=" " ind2="0">
   <subfield code="a">Q11</subfield>
  </datafield>
  <datafield tag="082" ind1="0" ind2=" ">
   <subfield code="a">720.81</subfield>
  </datafield>
  <datafield tag="084" ind1=" " ind2=" ">
   <subfield code="a">9,10</subfield>
   <subfield code="2">ssgn</subfield>
  </datafield>
  <datafield tag="084" ind1=" " ind2=" ">
   <subfield code="a">LM 79270</subfield>
   <subfield code="2">rvk</subfield>
   <subfield code="0">(DE-625)rvk/101283:</subfield>
  </datafield>
  <datafield tag="084" ind1=" " ind2=" ">
   <subfield code="a">LI 17780</subfield>
   <subfield code="2">rvk</subfield>
   <subfield code="0">(DE-625)rvk/95637:</subfield>
  </datafield>
  <datafield tag="084" ind1=" " ind2=" ">
   <subfield code="a">LI 52060</subfield>
   <subfield code="2">rvk</subfield>
   <subfield code="0">(DE-625)rvk/96476:</subfield>
  </datafield>
  <datafield tag="084" ind1=" " ind2=" ">
   <subfield code="a">56.63</subfield>
   <subfield code="2">bkl</subfield>
  </datafield>
  <datafield tag="100" ind1="1" ind2=" ">
   <subfield code="a">Kaufmann, Emil</subfield>
   <subfield code="d">1891-1953</subfield>
   <subfield code="0">(DE-588)135900018</subfield>
   <subfield code="0">(DE-627)572486480</subfield>
   <subfield code="0">(DE-576)284241598</subfield>
   <subfield code="4">aut</subfield>
  </datafield>
  <datafield tag="245" ind1="1" ind2="0">
   <subfield code="a">Three revolutionary architects, Boullée, Ledoux, and Lequeu</subfield>
   <subfield code="c">Emil Kaufmann</subfield>
  </datafield>
  <datafield tag="246" ind1="3" ind2="0">
   <subfield code="a">3</subfield>
  </datafield>
  <datafield tag="264" ind1=" " ind2="1">
   <subfield code="a">Philadelphia</subfield>
   <subfield code="b">The American Philosophical Society</subfield>
   <subfield code="c">1952</subfield>
  </datafield>
  <datafield tag="300" ind1=" " ind2=" ">
   <subfield code="a">S. 431 - 564</subfield>
   <subfield code="b">Ill.</subfield>
  </datafield>
  <datafield tag="336" ind1=" " ind2=" ">
   <subfield code="a">Text</subfield>
   <subfield code="b">txt</subfield>
   <subfield code="2">rdacontent</subfield>
  </datafield>
  <datafield tag="337" ind1=" " ind2=" ">
   <subfield code="a">ohne Hilfsmittel zu benutzen</subfield>
   <subfield code="b">n</subfield>
   <subfield code="2">rdamedia</subfield>
  </datafield>
  <datafield tag="338" ind1=" " ind2=" ">
   <subfield code="a">Band</subfield>
   <subfield code="b">nc</subfield>
   <subfield code="2">rdacarrier</subfield>
  </datafield>
  <datafield tag="490" ind1="1" ind2=" ">
   <subfield code="a">Transactions of the American Philosophical Society</subfield>
   <subfield code="v">N.S., 42,3</subfield>
  </datafield>
  <datafield tag="500" ind1=" " ind2=" ">
   <subfield code="a">Hier auch später erschienene, unveränderte Nachdrucke</subfield>
  </datafield>
  <datafield tag="583" ind1="1" ind2=" ">
   <subfield code="a">Massenentsäuert</subfield>
   <subfield code="c">2015</subfield>
   <subfield code="k">DE-18</subfield>
   <subfield code="2">pdager</subfield>
   <subfield code="5">DE-18-308</subfield>
  </datafield>
  <datafield tag="583" ind1="1" ind2=" ">
   <subfield code="a">Archivierung/Langzeitarchivierung gewährleistet</subfield>
   <subfield code="f">SSG</subfield>
   <subfield code="x">XA-DE-BW</subfield>
   <subfield code="2">pdager</subfield>
   <subfield code="5">DE-16</subfield>
  </datafield>
  <datafield tag="583" ind1="1" ind2=" ">
   <subfield code="a">Archivierung prüfen</subfield>
   <subfield code="c">20240324</subfield>
   <subfield code="f">DE-4165</subfield>
   <subfield code="z">3</subfield>
   <subfield code="2">pdager</subfield>
  </datafield>
  <datafield tag="600" ind1="1" ind2="0">
   <subfield code="a">Boullée, Etienne Louis</subfield>
  </datafield>
  <datafield tag="600" ind1="1" ind2="0">
   <subfield code="a">Ledoux, Claude Nicolas</subfield>
  </datafield>
  <datafield tag="600" ind1="1" ind2="0">
   <subfield code="a">Lequeu, Jean-Jacques</subfield>
  </datafield>
  <datafield tag="600" ind1="1" ind2="7">
   <subfield code="0">(DE-588)118570781</subfield>
   <subfield code="0">(DE-627)145400123</subfield>
   <subfield code="0">(DE-576)20901010X</subfield>
   <subfield code="a">Ledoux, Claude Nicolas</subfield>
   <subfield code="d">1736-1806</subfield>
   <subfield code="2">gnd</subfield>
  </datafield>
  <datafield tag="650" ind1="0" ind2="7">
   <subfield code="0">(DE-588)4121588-6</subfield>
   <subfield code="0">(DE-627)105768545</subfield>
   <subfield code="0">(DE-576)209544473</subfield>
   <subfield code="a">Revolutionsarchitektur</subfield>
   <subfield code="2">gnd</subfield>
  </datafield>
  <datafield tag="655" ind1=" " ind2="7">
   <subfield code="a">Biografie</subfield>
   <subfield code="0">(DE-588)4006804-3</subfield>
   <subfield code="0">(DE-627)104213493</subfield>
   <subfield code="0">(DE-576)208867147</subfield>
   <subfield code="2">gnd-content</subfield>
  </datafield>
  <datafield tag="689" ind1="0" ind2="0">
   <subfield code="d">p</subfield>
   <subfield code="0">(DE-588)119060345</subfield>
   <subfield code="0">(DE-627)07985074X</subfield>
   <subfield code="0">(DE-576)210995319</subfield>
   <subfield code="a">Lequeu, Jean-Jacques</subfield>
   <subfield code="d">1757-1825</subfield>
   <subfield code="2">gnd</subfield>
  </datafield>
  <datafield tag="689" ind1="0" ind2=" ">
   <subfield code="5">(DE-627)</subfield>
  </datafield>
  <datafield tag="689" ind1="1" ind2="0">
   <subfield code="d">p</subfield>
   <subfield code="0">(DE-588)118662333</subfield>
   <subfield code="0">(DE-627)079446701</subfield>
   <subfield code="0">(DE-576)209252197</subfield>
   <subfield code="a">Boullée, Étienne Louis</subfield>
   <subfield code="d">1728-1799</subfield>
   <subfield code="2">gnd</subfield>
  </datafield>
  <datafield tag="689" ind1="1" ind2=" ">
   <subfield code="5">(DE-627)</subfield>
  </datafield>
  <datafield tag="689" ind1="2" ind2="0">
   <subfield code="d">p</subfield>
   <subfield code="0">(DE-588)118662333</subfield>
   <subfield code="0">(DE-627)079446701</subfield>
   <subfield code="0">(DE-576)209252197</subfield>
   <subfield code="a">Boullée, Étienne Louis</subfield>
   <subfield code="d">1728-1799</subfield>
   <subfield code="2">gnd</subfield>
  </datafield>
  <datafield tag="689" ind1="2" ind2="1">
   <subfield code="d">p</subfield>
   <subfield code="0">(DE-588)118570781</subfield>
   <subfield code="0">(DE-627)145400123</subfield>
   <subfield code="0">(DE-576)20901010X</subfield>
   <subfield code="a">Ledoux, Claude Nicolas</subfield>
   <subfield code="d">1736-1806</subfield>
   <subfield code="2">gnd</subfield>
  </datafield>
  <datafield tag="689" ind1="2" ind2="2">
   <subfield code="d">p</subfield>
   <subfield code="0">(DE-588)119060345</subfield>
   <subfield code="0">(DE-627)07985074X</subfield>
   <subfield code="0">(DE-576)210995319</subfield>
   <subfield code="a">Lequeu, Jean-Jacques</subfield>
   <subfield code="d">1757-1825</subfield>
   <subfield code="2">gnd</subfield>
  </datafield>
  <datafield tag="689" ind1="2" ind2="3">
   <subfield code="d">s</subfield>
   <subfield code="0">(DE-588)4121588-6</subfield>
   <subfield code="0">(DE-627)105768545</subfield>
   <subfield code="0">(DE-576)209544473</subfield>
   <subfield code="a">Revolutionsarchitektur</subfield>
   <subfield code="2">gnd</subfield>
  </datafield>
  <datafield tag="689" ind1="2" ind2=" ">
   <subfield code="5">(DE-627)</subfield>
  </datafield>
  <datafield tag="689" ind1="3" ind2="0">
   <subfield code="d">s</subfield>
   <subfield code="0">(DE-588)4002844-6</subfield>
   <subfield code="0">(DE-627)106391836</subfield>
   <subfield code="0">(DE-576)208848940</subfield>
   <subfield code="a">Architekt</subfield>
   <subfield code="2">gnd</subfield>
  </datafield>
  <datafield tag="689" ind1="3" ind2="1">
   <subfield code="d">s</subfield>
   <subfield code="0">(DE-588)4002851-3</subfield>
   <subfield code="0">(DE-627)104280352</subfield>
   <subfield code="0">(DE-576)208848975</subfield>
   <subfield code="a">Architektur</subfield>
   <subfield code="2">gnd</subfield>
  </datafield>
  <datafield tag="689" ind1="3" ind2=" ">
   <subfield code="5">(DE-627)</subfield>
  </datafield>
  <datafield tag="700" ind1="1" ind2=" ">
   <subfield code="a">Boullée, Étienne Louis</subfield>
   <subfield code="d">1728-1799</subfield>
   <subfield code="0">(DE-588)118662333</subfield>
   <subfield code="0">(DE-627)079446701</subfield>
   <subfield code="0">(DE-576)209252197</subfield>
   <subfield code="4">oth</subfield>
  </datafield>
  <datafield tag="700" ind1="1" ind2=" ">
   <subfield code="a">Ledoux, Claude Nicolas</subfield>
   <subfield code="d">1736-1806</subfield>
   <subfield code="0">(DE-588)118570781</subfield>
   <subfield code="0">(DE-627)145400123</subfield>
   <subfield code="0">(DE-576)20901010X</subfield>
   <subfield code="4">oth</subfield>
  </datafield>
  <datafield tag="700" ind1="1" ind2=" ">
   <subfield code="a">Lequeu, Jean-Jacques</subfield>
   <subfield code="d">1757-1825</subfield>
   <subfield code="0">(DE-588)119060345</subfield>
   <subfield code="0">(DE-627)07985074X</subfield>
   <subfield code="0">(DE-576)210995319</subfield>
   <subfield code="4">oth</subfield>
  </datafield>
  <datafield tag="787" ind1="0" ind2="8">
   <subfield code="i">Rezensiert in</subfield>
   <subfield code="a">Horn-Oncken, Alste, 1910 - 1991</subfield>
   <subfield code="t">[Rezension von: Emil Kaufmann, Three revolutionary architects, Boullée, Ledoux, and Lequeu]</subfield>
   <subfield code="d">Nürnberg : Carl, 1953</subfield>
   <subfield code="w">(DE-627)1681196514</subfield>
  </datafield>
  <datafield tag="810" ind1="2" ind2=" ">
   <subfield code="a">American Philosophical Society</subfield>
   <subfield code="t">Transactions of the American Philosophical Society</subfield>
   <subfield code="v">N.S., 42,3</subfield>
   <subfield code="9">42,3</subfield>
   <subfield code="w">(DE-627)129501654</subfield>
   <subfield code="w">(DE-576)014903253</subfield>
   <subfield code="w">(DE-600)208391-7</subfield>
   <subfield code="x">0065-9746</subfield>
   <subfield code="7">ns</subfield>
  </datafield>
  <datafield tag="856" ind1="4" ind2="2">
   <subfield code="u">http://www.gbv.de/dms/weimar/toc/212156500_toc.pdf</subfield>
   <subfield code="x">Verlag</subfield>
   <subfield code="y">Inhaltsverzeichnis</subfield>
  </datafield>
  <datafield tag="889" ind1=" " ind2=" ">
   <subfield code="w">(DE-576)394744020</subfield>
  </datafield>
  <datafield tag="889" ind1=" " ind2=" ">
   <subfield code="w">(DE-627)212156500</subfield>
  </datafield>
  <datafield tag="935" ind1=" " ind2=" ">
   <subfield code="a">BGTS</subfield>
  </datafield>
  <datafield tag="935" ind1=" " ind2=" ">
   <subfield code="i">mdedup</subfield>
  </datafield>
  <datafield tag="936" ind1="r" ind2="v">
   <subfield code="a">LM 79270</subfield>
   <subfield code="b">18. Jahrhundert</subfield>
   <subfield code="k">Kunstgeschichte</subfield>
   <subfield code="k">Kunst nach Ländern bzw. Kontinenten</subfield>
   <subfield code="k">Frankreich</subfield>
   <subfield code="k">Französische Kunstgeschichte nach Gattungen</subfield>
   <subfield code="k">Architektur</subfield>
   <subfield code="k">Architekturzeichnung</subfield>
   <subfield code="k">18. Jahrhundert</subfield>
   <subfield code="0">(DE-627)1271117223</subfield>
   <subfield code="0">(DE-625)rvk/101283:</subfield>
   <subfield code="0">(DE-576)201117223</subfield>
  </datafield>
  <datafield tag="936" ind1="r" ind2="v">
   <subfield code="a">LI 17780</subfield>
   <subfield code="b">Boullée, Etienne-Louis</subfield>
   <subfield code="k">Kunstgeschichte</subfield>
   <subfield code="k">Künstler-Monografien</subfield>
   <subfield code="k">Alphabetische Künstlerliste</subfield>
   <subfield code="k">Künstler B</subfield>
   <subfield code="k">Boullée, Etienne-Louis</subfield>
   <subfield code="0">(DE-627)1271128683</subfield>
   <subfield code="0">(DE-625)rvk/95637:</subfield>
   <subfield code="0">(DE-576)201128683</subfield>
  </datafield>
  <datafield tag="936" ind1="r" ind2="v">
   <subfield code="a">LI 52060</subfield>
   <subfield code="b">Ledoux, Claude-Nicolas</subfield>
   <subfield code="k">Kunstgeschichte</subfield>
   <subfield code="k">Künstler-Monografien</subfield>
   <subfield code="k">Alphabetische Künstlerliste</subfield>
   <subfield code="k">Künstler L</subfield>
   <subfield code="k">Ledoux, Claude-Nicolas</subfield>
   <subfield code="0">(DE-627)1271134950</subfield>
   <subfield code="0">(DE-625)rvk/96476:</subfield>
   <subfield code="0">(DE-576)201134950</subfield>
  </datafield>
  <datafield tag="936" ind1="b" ind2="k">
   <subfield code="a">56.63</subfield>
   <subfield code="j">Architekten</subfield>
   <subfield code="j">Baumeister</subfield>
   <subfield code="0">(DE-627)106403842</subfield>
  </datafield>
  <datafield tag="951" ind1=" " ind2=" ">
   <subfield code="a">BO</subfield>
  </datafield>
  <datafield tag="990" ind1=" " ind2=" ">
   <subfield code="a">Lequeu, Jean-Jacques</subfield>
  </datafield>
  <datafield tag="990" ind1=" " ind2=" ">
   <subfield code="a">Boullée, Étienne Louis</subfield>
  </datafield>
  <datafield tag="990" ind1=" " ind2=" ">
   <subfield code="a">Boullée, Étienne Louis</subfield>
  </datafield>
  <datafield tag="990" ind1=" " ind2=" ">
   <subfield code="a">Ledoux, Claude Nicolas</subfield>
  </datafield>
  <datafield tag="990" ind1=" " ind2=" ">
   <subfield code="a">Lequeu, Jean-Jacques</subfield>
  </datafield>
  <datafield tag="990" ind1=" " ind2=" ">
   <subfield code="a">Revolutionsarchitektur</subfield>
  </datafield>
  <datafield tag="990" ind1=" " ind2=" ">
   <subfield code="a">Architekt</subfield>
  </datafield>
  <datafield tag="990" ind1=" " ind2=" ">
   <subfield code="a">Architektur</subfield>
  </datafield>
  <datafield tag="991" ind1=" " ind2=" ">
   <subfield code="a">Rezensiertes Werk</subfield>
  </datafield>
  <datafield tag="999" ind1=" " ind2=" ">
   <subfield code="a">KXP-PPN1135002061</subfield>
   <subfield code="e">4045788034</subfield>
  </datafield>
 </record>
</collection>
